000 00312nam a22001337a 4500
008 170621b xxu||||| |||| 00| 0 eng d
020 _a9780691088976
041 _aeng
080 _a32
100 _a20
101 _aSHP
245 _aTHE COLOR SCHOOL REFORM RACE POLITICS
_cHENING.J.R
942 _2udc
_cBK
999 _c18532
_d18532